| 000 | 00626nam a2200193Ia 4500 | ||
|---|---|---|---|
| 008 | 151121s9999||||xx |||||||||||||| ||und|| | ||
| 082 | _a954।1/दिघे | ||
| 082 | _bHNW-65237 | ||
| 100 | _aदिघे मधुकर | ||
| 245 | _aपूर्वांचल की ओर | ||
| 260 | _b"प्रभात प्रकाशन, दिल्ली।" | ||
| 260 | _c-- | ||
| 300 | _a119 | ||
| 600 | _aदिघे मधुकर | ||
| 630 | _aपूर्वांचल की ओर | ||
| 700 | _aदिघे मधुकर | ||
| 730 | _aपूर्वांचल की ओर | ||
| 942 | _cBOOK | ||
| 999 |
_c1246747 _d1246744 |
||